|
|
|
|
| LEADER |
00847cam a2200241 7i4500 |
| 001 |
0000016102 |
| 005 |
20171109090000.0 |
| 020 |
|
|
|a 9780070593572 (pbk.)
|
| 020 |
|
|
|a 0070593574 (pbk.)
|
| 090 |
0 |
0 |
|a TK146
|b .M58 2006
|
| 100 |
1 |
|
|a Mittle, VN
|
| 245 |
1 |
0 |
|a Basic electrical engineering
|c VN Mittle, Arvind Mittal.
|
| 250 |
|
|
|a 2nd ed.
|
| 260 |
|
|
|a New Delhi:
|b Tata McGraw-Hill Pub. Co. Ltd.,
|c 2006.
|
| 300 |
|
|
|a xxviii, 828 p.:
|b ill.;
|c 24 cm.
|
| 490 |
0 |
|
|a Electrical and electronics engineering series
|
| 650 |
0 |
0 |
|a Electric engineering
|
| 650 |
0 |
0 |
|a Electrical engineering
|
| 650 |
0 |
0 |
|a Electric engineering
|
| 700 |
1 |
|
|a Mittal, Arvind
|
| 997 |
|
|
|a Engineering & Life Sciences, Faculty
|b Engineering, Department
|
| 998 |
|
|
|a Electrical & Electronic Engineering, Diploma
|
| 999 |
|
|
|a 0000019485
|b BOK
|c OPEN SHELF
|e 2nd Floor, Bestari Jaya
|